Структурно-энергетические процессы при электрическом взрыве проводников; Известия вузов. Физика; Т. 45, № 12

Библиографические подробности
Источник:Известия вузов. Физика.— , 1958-
Т. 45, № 12.— 2002.— С. 31-34
Другие авторы: Ильин А. П. Александр Петрович, Назаренко О. Б. Ольга Брониславовна, Тихонов Д. В. Дмитрий Владимирович, Ушаков В. Я. Василий Яковлевич, Яблуновский Г. В.
Примечания:Явление эл. взрыва проводников (ЭВП) рассмотрено с позиций изменения энергетич. и структурного состояния металла на стадиях ввода энергии и релаксации первичных продуктов ЭВП. Показано, что эти изменения связаны с вынужденными процессами взаимодействия концентрированного потока энергии с веществом и с последующими самопроизвольными процессами релаксации
Язык:русский
Опубликовано: 2002
Предметы:
Формат: Статья
Запись в KOHA:https://koha.lib.tpu.ru/cgi-bin/koha/opac-detail.pl?biblionumber=494028

MARC

LEADER 00000naa2a2200000 4500
001 494028
005 20240119095912.0
035 |a (RuTPU)RU\TPU\prd\163531 
035 |a RU\TPU\prd\163530 
090 |a 494028 
100 |a 20121219a2002 k y0rusy50 ca 
101 0 |a rus 
102 |a RU 
200 1 |a Структурно-энергетические процессы при электрическом взрыве проводников  |f А. П. Ильин [и др.] 
320 |a Библиогр.: 12 назв. 
330 |a Явление эл. взрыва проводников (ЭВП) рассмотрено с позиций изменения энергетич. и структурного состояния металла на стадиях ввода энергии и релаксации первичных продуктов ЭВП. Показано, что эти изменения связаны с вынужденными процессами взаимодействия концентрированного потока энергии с веществом и с последующими самопроизвольными процессами релаксации 
461 1 |0 (RuTPU)RU\TPU\prd\191  |t Известия вузов. Физика  |d 1958- 
463 1 |0 (RuTPU)RU\TPU\prd\77231  |t Т. 45, № 12  |v С. 31-34  |d 2002 
610 1 |a труды учёных ТПУ 
701 1 |a Ильин  |b А. П.  |c химик  |c профессор Томского политехнического университета, доктор физико-математических наук  |f 1949-  |g Александр Петрович  |3 (RuTPU)RU\TPU\pers\25487 
701 1 |a Назаренко  |b О. Б.  |c специалист в области экологии и безопасности жизнедеятельности  |c профессор Томского политехнического университета, доктор технических наук  |f 1963-  |g Ольга Брониславовна  |3 (RuTPU)RU\TPU\pers\25620  |9 11549 
701 1 |a Тихонов  |b Д. В.  |c специалист в области электроэнергетики  |c старший научный сотрудник Томского политехнического университета, кандидат технических наук  |f 1965-  |g Дмитрий Владимирович  |3 (RuTPU)RU\TPU\pers\25645  |9 11556 
701 1 |a Ушаков  |b В. Я.  |c специалист в области электроэнергетики  |c профессор Томского политехнического университета, доктор технических наук  |f 1939-  |g Василий Яковлевич  |3 (RuTPU)RU\TPU\pers\10509  |9 2236 
701 1 |a Яблуновский  |b Г. В. 
801 1 |a RU  |b 63413507  |c 20050209  |g PSBO 
801 2 |a RU  |b 63413507  |c 20121219  |g RCR 
942 |c BK